000 00390nam a22001457a 4500
005 20241107120107.0
008 241107b |||||||| |||| 00| 0 eng d
020 _a9788121915472
050 _aTA170
_bDUG
100 _aDuggal, k.n
245 _aElements of environmental engineering
260 _aNew Delhi
_bS. Chand and Company LTD.
_cc1966
300 _axv,440p
_bill.;
942 _2lcc
_cBK
_n0
999 _c790
_d790